| 000 | 00841cam a22002775a 4500 | ||
|---|---|---|---|
| 008 | 090112t 2006miua fr 001 0 eng d | ||
| 010 | _a 2004117711 | ||
| 020 | _a0538441224 (case) | ||
| 020 | _a9780538441223 | ||
| 040 |
_aEG-ScBUE _beng _cEG-ScBUE |
||
| 082 | 0 | 4 |
_a658.11 _bGRE |
| 100 | 1 |
_aGreene, Cynthia L. _91690 |
|
| 245 | 1 | 0 |
_aEntrepreneurship : _bideas in action / _cCynthia L. Greene. |
| 250 | _a3rd ed. | ||
| 260 |
_aMason, : _bThompson/South-Western, _cc. 2006. |
||
| 300 |
_axi., 404 p. _bill. |
||
| 500 | _aGlossary: p. 388-392. | ||
| 500 | _aIndex: p. 393-404 | ||
| 590 | _aMohamed Hussein | ||
| 650 |
_aBusiness planning. _2BUEsh |
||
| 650 |
_aNew business enterprises. _2BUEsh |
||
| 650 |
_aEntrepreneurship. _2BUEsh |
||
| 651 | _2BUEsh | ||
| 653 |
_bBUSECO _cAugust2015 |
||
| 942 |
_cBB _k658.11 GRE _2ddc |
||
| 999 |
_c4112 _d4112 |
||